El Trabajo del futuro el futuro del trabajo /
Guardado en:
| Autor principal: | |
|---|---|
| Autores Corporativos: | , |
| Otros Autores: | |
| Formato: | Texto |
| Publicado: |
Buenos Aires:
CLACSO
|
| Materias: | |
| Etiquetas: |
Agregar Etiqueta
Sin Etiquetas, Sea el primero en etiquetar este registro!
|
MARC
| LEADER | 00000 a a2200000 04500 | ||
|---|---|---|---|
| 001 | 26671 | ||
| 003 | |||
| 040 | |||
| 090 | |a 149402 | ||
| 100 | |a Garza Toledo, Enrique de la | ||
| 110 | |a CLACSO | ||
| 245 | |a El Trabajo del futuro el futuro del trabajo / |c CLACSO | ||
| 260 | |a Buenos Aires: |b CLACSO | ||
| 300 | |a 128 p |b fonodiscos |b escudos de armas | ||
| 500 | |a Disponible tambien en Cd. en No.194104 | ||
| 650 | |a TRABAJO | ||
| 650 | |a EMPLEO | ||
| 650 | |a ASALARIADOS | ||
| 650 | |a TRANSFORMACION ECONOMICA | ||
| 650 | |a CAMBIO SOCIAL | ||
| 650 | |a IDEOLOGIAS | ||
| 650 | |a MERCADO | ||
| 650 | |a PLENO EMEPLO | ||
| 700 | |a comp |a Neffa, Julio César | ||
| 710 | |a Agencia Sueca de Desarrollo Internacional |a ASDI | ||
| 999 | |c 14122 |d 14122 | ||
